000 00395nam a22001217a 4500
999 _c10111
_d10111
003 OSt
008 201218b ||||| |||| 00| 0 eng d
245 _aJournal of Networking Technology
250 _a2013(Mar Vol.4 No.1, Jun Vol.4 No.2, Sep Vol.4 No.3, Dec Vol.4 No.4)
260 _aChennai
_bDigital Information Research Foundation
650 _aMaster of Computer Applications
942 _2ddc
_cBV